|
|
|
|
| LEADER |
00000cam a2200000 7i4500 |
| 001 |
0000154590 |
| 005 |
20110802.0 |
| 020 |
|
|
|a 9789675367731
|
| 090 |
0 |
0 |
|a JF
|b ALI
|
| 100 |
0 |
|
|a Alias Derais
|
| 245 |
1 |
0 |
|a Jom ikut kami
|c Alias Derais
|
| 260 |
|
|
|a Puchong :
|b KarnaDya Solutions Sdn. Bhd. ,
|c 2010
|
| 300 |
|
|
|a 150p. ;
|c 19cm.
|
| 650 |
0 |
0 |
|a Children's stories, Malay
|
| 999 |
|
|
|a 00249038
|b BUKU
|c PINJAMAN
|e PERPUSTAKAAN KOMUNITI PETALING JAYA
|
| 999 |
|
|
|a 00249039
|b BUKU
|c PINJAMAN
|e PERPUSTAKAAN KOMUNITI PETALING JAYA
|
| 999 |
|
|
|a 00271245
|b BUKU
|c PINJAMAN
|e PERPUSTAKAAN KOMUNITI CAW TAMAN MEDAN
|